000 00760nam a2200241Ia 4500
003 OSt
005 20220923230319.0
006 a|||||r|||| 00| 0
007 ta
008 220922b |||||||| |||| 00| 0 hin d
024 _a279,345
037 _cTextual
040 _aARTS
_cARTS
_bhin
041 _2hin
_ahin
082 _aQ14:21, 15K4.2
100 _aसातवलेकर, दामोदर
245 0 _aअथर्ववेद - मातृभूमि और स्वराज्यशासन
246 _aAtharvaved - mātṛubhūmi aur svarājyashāsana
260 _c1964
650 _aधर्म
942 _hQ14:21, 15K4.2
_cTEXL
_2CC
999 _c383878
_d383878